Human resources for industrial development : Some aspects of policy and planning
This volume is a collection of papers prepared by the International Labour office for an international sysposium planned by the newly established United Nations Industrial Development organisation to follow the series of regional symposia held in 1966...
Salvato in:
| Natura: | Libro |
|---|---|
| Lingua: | Undetermined |
| Pubblicazione: |
Geneva
International Labour Office.
1967
|
| Soggetti: | |
| Tags: |
Aggiungi Tag
Nessun Tag, puoi essere il primo ad aggiungerne! !
|
| Thư viện lưu trữ: | Trung tâm Học liệu Trường Đại học Cần Thơ |
|---|
| LEADER | 00837nam a2200193Ia 4500 | ||
|---|---|---|---|
| 001 | CTU_82259 | ||
| 008 | 210402s9999 xx 000 0 und d | ||
| 082 | |a 331.1 | ||
| 082 | |b H918 | ||
| 245 | 0 | |a Human resources for industrial development : | |
| 245 | 0 | |b Some aspects of policy and planning | |
| 245 | 0 | |c International Labour Office. | |
| 260 | |a Geneva | ||
| 260 | |b International Labour Office. | ||
| 260 | |c 1967 | ||
| 520 | |a This volume is a collection of papers prepared by the International Labour office for an international sysposium planned by the newly established United Nations Industrial Development organisation to follow the series of regional symposia held in 1966... | ||
| 650 | |a Chính sách nhân lực,Manpower policy | ||
| 904 | |i Trọng Hải | ||
| 980 | |a Trung tâm Học liệu Trường Đại học Cần Thơ | ||